| 000 | 00000nam##2200000za#4500 |
| 001 | 9.624627 |
| 003 | CaOODSP |
| 005 | 20200327181110 |
| 007 | ta |
| 008 | 150406|1997||||xxc||||| f|0| 0 fre|d |
| 020 | |z0-662-82545-4 |
| 040 | |aCaOODSP|bfre |
| 043 | |an-cn--- |
| 086 | 1 |aR34-6/1-1997F |
| 110 | 1 |aCanada.|bAffaires indiennes et du Nord. |
| 245 | 13|aLe Nunavut: troisième territoire du Canada au nord du 60e parallèle |
| 260 | |aOttawa - Ontario : |bAffaires indiennes et du Nord |c1997. |
| 300 | |a4p. : |bfigures ; |c28 cm. |
| 490 | 1 |aInformation |
| 563 | |aDépliant |
| 590 | |a98-04|b1998-01-23 |
| 775 | 08|tNunavut: Canada's third territory "North of 60" |w(CaOODSP)9.614243 |
| 776 | 0#|tLe Nunavut, troisième territoire du Canada au nord du 60e parallèle |w(CaOODSP)9.603119 |
| 830 | #0|aInformation.|w(CaOODSP)9.513210 |
| 986 | |aQS-6120-001-FF-A1 |